000 00301nam a22001457a 4500
003 SGT
020 _a9789355213600
082 _a070.285
_bDAS
100 _aDASS Dr RAHUL
245 _aMOBILE JOURNALISM
260 _a INDIA
_c2022
_bPRABHAT PUB
300 _a168
650 _aBJMC
942 _2ddc
_cBK
999 _c32122
_d32122